|
|
|
|
| LEADER |
00000nas a2200000 a 4500 |
| 001 |
ssj0005616 |
| 003 |
WaSeSS |
| 005 |
20200512172242.0 |
| 006 |
m d |
| 007 |
cr n |
| 008 |
980820c19739999enkbr pss 0 0eng c |
| 010 |
|
|
|a 2002238733
|
| 015 |
|
|
|a GBB3A7180
|2 bnb
|
| 016 |
7 |
|
|a 2025337-0
|2 DE-600
|
| 016 |
7 |
|
|a 012433354
|2 Uk
|
| 022 |
|
|
|a 1758-5791
|l 0143-991X
|y 0143-991X
|
| 035 |
|
|
|a (WaSeSS)ssj0005616
|
| 037 |
|
|
|b MCB University Press Limited, 60/62 Toller Lane, Bradford, West Yorkshire, England BD8 9BY
|
| 040 |
|
|
|a CIN
|b eng
|c CIN
|d OCL
|d EYM
|d OCLCQ
|d IUL
|d OCLCQ
|d OCLCS
|d OCLCQ
|d OCLCO
|d OCLCQ
|d DLC
|d OCLCF
|d OCLCQ
|d NLE
|d CUS
|d DLC
|d NTG
|d AU@
|d UKMGB
|d WaSeSS
|
| 042 |
|
|
|a pcc
|
| 050 |
0 |
0 |
|a T59.5
|
| 082 |
0 |
4 |
|a 670.4272
|
| 222 |
|
0 |
|a Industrial robot
|b (Online)
|
| 245 |
0 |
0 |
|a Industrial robot
|h [electronic resource] :
|b an international journal.
|
| 260 |
|
|
|a Bradford, England :
|b MCB University Press
|
| 310 |
|
|
|a Six no. a year
|
| 362 |
1 |
|
|a Print began in 1973.
|
| 500 |
|
|
|a "An international quarterly journal on industrial robot technology."
|
| 500 |
|
|
|a Includes special section: Industrial robot abstracts.
|
| 506 |
|
|
|a License restrictions may limit access.
|
| 538 |
|
|
|a Mode of access: World Wide Web.
|
| 588 |
|
|
|a Description based on: Vol. 21, no. 1 (1994); title from introductory page, viewed July 18, 2002.
|
| 588 |
|
|
|a Latest issue consulted: Vol. 45, issue 2 (2018) (Emerald Insight website, viewed June 15, 2018).
|
| 650 |
|
0 |
|a Robots, Industrial
|v Periodicals.
|
| 650 |
|
0 |
|a Machinery in the workplace
|v Periodicals.
|
| 650 |
|
7 |
|a Machinery in the workplace.
|2 fast
|0 (OCoLC)fst01005036
|
| 650 |
|
7 |
|a Robots, Industrial.
|2 fast
|0 (OCoLC)fst01099080
|
| 653 |
|
|
|a Engineering
|
| 655 |
|
0 |
|a Electronic journals.
|
| 710 |
2 |
|
|a MCB University Press.
|
| 740 |
0 |
2 |
|a Industrial robot abstracts.
|
| 776 |
1 |
|
|t Industrial robot
|w (DLC)sn 83010327
|w (OCoLC)3935626
|
| 850 |
|
|
|a DLC
|
| 853 |
2 |
0 |
|8 1
|a v.
|b no.
|u 6
|v r
|i (year)
|w 6
|
| 856 |
4 |
0 |
|z Full text available from Research Library: 01/01/1992 to 1 year ago
|u https://search.proquest.com/publication/36873
|
| 863 |
4 |
1 |
|8 1.1
|a 21
|b 1
|i 1994
|